000 00392nam a22001697a 4500
005 20260413115359.0
008 160627b xxu||||| |||| 00| 0 eng d
020 _a0-553-84007-X
041 _aeng
082 _a152.4
100 _aGoleman, Daniel
_91747
245 _aEmotional Intelligence
260 _bBantom Books
_c1996
300 _a398
650 _aNon-fiction
_98975
942 _cBK
999 _c4283
_d4282